JRA 日本競馬 トウカイテイオーの5代血統表 - Statistics

General Stats
  • This quiz has been taken 24 times
  • The average score is 3 of 30
Answer Stats
関係 生産年 系統 インブリード 馬名 % Correct
1981 パーソロン系 シンボリルドルフ
100%
父父 1960 ジェベル系 パーソロン
60%
父母父 1963 ロイヤルチャージャー系 スピードシンボリ
27%
母母父父父 1940 ネアルコ系 Nasrullah
27%
母父 1969 ノーザンダンサー系 ナイスダンサー
20%
母父父父父 1935 ファロス系 Nearco
20%
母父父 1961 ニアークティック系 Northern Dancer
20%
父父父父 1945 ジェベル系 My Babu
13%
母父父母父 1950 ファラリス系 Native Dancer
13%
母父父父 1954 ネアルコ系 Nearctic
13%
父母父父父 1942 ネアルコ系 Royal Charger
13%
父父父父父 1937 トウルビヨン系 Djebel
7%
父父父, 母母母父父 1953 ジェベル系 3x5 Milesian
7%
父父母父父 1920 ファラリス系 Pharos
7%
父母父父 1951 ロイヤルチャージャー系 ロイヤルチャレンヂャー
0%
父母父母父 1942 ハイペリオン系 ライジングライト
0%
母母父 1961 プリンスリーギフト系 ファバージ
0%
母母母父 1959 ジェベル系 アトランテイス
0%
母母母母父 1950 ストックウェル系 フアイナルスコア
0%
父父母母父 1933 テディ系 Abjer
0%
母父母母父 1947 ザテトラーク系 Alizier
0%
父父父母父 1930 サンインロー系 Coup de Lyon
0%
父母母父父 1932 フェアウェイ系 Fair Trial
0%
母父母父父 1946 トウルビヨン系 Fontenay
0%
母父母父 1952 トウルビヨン系 Le Beau Prince
0%
母母父母父 1935 ダークロナルド系 Legend of France
0%
父母母母父 1931 セントサイモン系 Maravedis
0%
父母母父 1947 フェアトライアル系 Palestine
0%
父父母父 1936 ファロス系 Pharis
0%
母母父父 1951 ナスルーラ系 Princely Gift
0%
No matching quizzes found
Score Distribution
Percent of People with Each Score
Percentile by Number Answered
Your Score History
You have not taken this quiz